00322 a2200097 4500001001000000005001700010008004100027245006300068100002600131773006700157ART_5069420260410162043.0260409a 10aEl nuevo impuesto para una Argentina inclusiva y solidaria1 aCoronello, Silvina E.0 tImpuestosgReforma Tributaria - NÂș 67/1 (ene. 2020)wREV45175